000 00784nab a2200241u 4500
001 17546
003 HDC
007 c| |||a|c|aaaa
008 210222b20140618my ||||| |||| 00| 0 may d
040 _aHDC
100 _aMeor Ahmad Nasriin Rizal /
_eauthor
_916881
245 0 _aDengan letupan sebelum api marak' /
_cMeor Ahmad Nasriin Rizal
336 _atext
_2rdacontent
337 _acomputer
_2rdamedia
338 _aonline resource
_2rdacarrier
650 _ahalal certificate
_9482
650 _aJAKIM
_97825
710 _aBERITA HARIAN
856 _zRequest full-text at [email protected]
942 _2lcc
942 _cNEWS
942 _kNWSC 004994
999 _c14862
_d14862